000
00298nam a2200121Ia 4500
005
20251222140026.0
008
251222s1900||||xx |||||||||||||| ||spa||
082
_a
128/G69
100
_a
González, Luis José & Otros
245
0
_a
Antropología:
264
_b
Universidad Santo Tomás
942
_c
LIB
999
_c
2783
_d
2783